Top 10 Songs by Van Halen - Statistics

General Stats
  • This quiz has been taken 13 times
  • The average score is 6 of 10
Answer Stats
Hint Answer % Correct
1 Jump
100%
2 Panama
100%
6 Hot for Teacher
80%
7 Dance the Night Away
60%
5 Ain't Talkin' 'bout Love
40%
4 Eruption
40%
3 Runnin' with the Devil
40%
9 (Oh) Pretty Woman
30%
10 Summer Nights
30%
8 Why Can't This be Love
30%
No matching quizzes found
Score Distribution
Percent of People with Each Score
Percentile by Number Answered
Your Score History
You have not taken this quiz